<?xml version="1.0" encoding="UTF-8"?>
<record
    xmlns:xsi="http://www.w3.org/2001/XMLSchema-instance"
    xsi:schemaLocation="http://www.loc.gov/MARC21/slim http://www.loc.gov/standards/marcxml/schema/MARC21slim.xsd"
    xmlns="http://www.loc.gov/MARC21/slim">

  <leader>00410nam a2200157Ia 4500</leader>
  <controlfield tag="008">230718s9999    xx            000 0 und d</controlfield>
  <datafield tag="041" ind1=" " ind2=" ">
    <subfield code="a">eng</subfield>
  </datafield>
  <datafield tag="082" ind1=" " ind2=" ">
    <subfield code="a">005.1'17</subfield>
    <subfield code="b">HUN</subfield>
  </datafield>
  <datafield tag="100" ind1=" " ind2=" ">
    <subfield code="a">Hunt J</subfield>
    <subfield code="9">144922</subfield>
  </datafield>
  <datafield tag="245" ind1=" " ind2=" ">
    <subfield code="a">Guide To J2EE Enterprise Java</subfield>
  </datafield>
  <datafield tag="260" ind1=" " ind2=" ">
    <subfield code="c">2003</subfield>
    <subfield code="b">SPD</subfield>
  </datafield>
  <datafield tag="300" ind1=" " ind2=" ">
    <subfield code="a">672</subfield>
  </datafield>
  <datafield tag="365" ind1=" " ind2=" ">
    <subfield code="c">Rs.</subfield>
    <subfield code="b">575.00</subfield>
  </datafield>
  <datafield tag="700" ind1=" " ind2=" ">
    <subfield code="a">Hunt J &amp; Loftus C.</subfield>
    <subfield code="9">188460</subfield>
  </datafield>
  <datafield tag="906" ind1=" " ind2=" ">
    <subfield code="d">B:1318/26.05.200425-Aug-2005</subfield>
    <subfield code="c">COMP</subfield>
    <subfield code="b">115</subfield>
  </datafield>
  <datafield tag="999" ind1=" " ind2=" ">
    <subfield code="c">307797</subfield>
    <subfield code="d">307797</subfield>
  </datafield>
  <datafield tag="952" ind1=" " ind2=" ">
    <subfield code="0">0</subfield>
    <subfield code="1">0</subfield>
    <subfield code="4">0</subfield>
    <subfield code="7">0</subfield>
    <subfield code="a">CCEP</subfield>
    <subfield code="b">CCEP</subfield>
    <subfield code="d">2004-06-21</subfield>
    <subfield code="e">Mbs</subfield>
    <subfield code="f">COMP</subfield>
    <subfield code="g">460.00</subfield>
    <subfield code="i">1318/26.05.2004</subfield>
    <subfield code="l">0</subfield>
    <subfield code="o">005.1'17</subfield>
    <subfield code="p">CCEP-BK-19004</subfield>
    <subfield code="r">2023-07-18 00:00:00</subfield>
    <subfield code="t">115</subfield>
    <subfield code="v">575.00</subfield>
    <subfield code="w">2005-08-25</subfield>
    <subfield code="y">BK</subfield>
    <subfield code="z">019004</subfield>
  </datafield>
</record>
